Quantum mechanics: foudations and applications /

Na minha lista:
Detalhes bibliográficos
Autor principal: Bohm, Arno (Author)
Formato: Livro
Idioma:inglês
Publicado em: New York : Springer Verlag, 1993
Edição:3.ed.
Assuntos:
Tags: Adicionar Tag
Sem tags, seja o primeiro a adicionar uma tag!

MARC

LEADER 00000nam a22000003a 4500
001 stu5146
005 20150617225705.1
008 940209s1993----xxu-----------------eng-d
020 |a 0-387-97944-1 
040 |a STU  |b slo 
041 0 |a eng 
044 |a xxu 
080 |a 530.145 
080 |a 539.1 
100 1 |a Bohm, Arno  |4 aut 
245 1 |a Quantum mechanics: foudations and applications /  |c [aut.] Bohm,Arno 
250 |a 3.ed. 
260 |a New York :  |b Springer Verlag,  |c 1993 
300 |a 688 s 
650 7 |a kvantová mechanika  |2 stusub 
650 7 |a fyzikálna stavba hmoty  |2 stusub 
996 |b E78766  |c E*78766  |l EE11  |s P  |a 0  |w stu5146_0002